Gazeta Ministerial de Chile. 73-100: 1819

Guardat en:
Dades bibliogràfiques
Autor corporatiu: Biblioteca Nacional (Autor)
Format: Llibre
Idioma:espanyol
Publicat: Santiago Universidad Catolica de Chile 1954
Col·lecció:Antiguos Periódicos Chilenos, 6
Matèries:
Etiquetes: Afegir etiqueta
Sense etiquetes, Sigues el primer a etiquetar aquest registre!

MARC

LEADER 00000nam a2200000 a 4500
001 UCR4296
003 CL-VaPUC
008 980307e19540000CL |||||||||||||||||spa|d
082 0 4 |a 079.83  |b BIB  |2 21 
110 2 |a Biblioteca Nacional  |e author  |9 404168 
245 1 0 |a Gazeta Ministerial de Chile. 73-100: 1819 
300 |a 329 p 
942 |c BK 
945 |d 19980307 00:00:00  |a crobeson 
260 |a Santiago  |b Universidad Catolica de Chile  |c 1954 
650 0 |a Periódicos   |9 335528 
650 7 |a PUBLICACIONES PERIODICAS  |2 CL-VaPUC  |9 335089 
650 7 |a DOCUMENTOS PRIMARIOS  |2 CL-VaPUC  |9 350391 
650 7 |a PRENSA DE INFORMACION  |2 CL-VaPUC  |9 335512 
651 7 |a CHILE  |2 CL-VaPUC  |9 404169 
583 |a last modification  |c 19980307 00:00:00  |k Rodrigo Vera 
490 0 |a Antiguos Periódicos Chilenos, 6 
999 |c 267242  |d 267240 
952 |0 0  |1 0  |4 0  |6 079_830000000000000_BIB_1954  |7 0  |8 DER_HIS  |9 299488  |a BIBDER  |b BIBDER  |d 2019-11-20  |i 1949160  |l 1  |o 079.83 BIB 1954  |p 1949160  |r 2023-01-25  |s 2020-03-18  |w 2019-11-20  |x Ubicación 4to Piso  |y BK_X  |z Estos recursos deben solicitarse con anticipación  |k DER